| 000 | 00364nam a2200157Ia 4500 | ||
|---|---|---|---|
| 008 | 230917s9999||||xx |||||||||||||| ||und|| | ||
| 040 |
_e80726 _aMAIN |
||
| 041 | _aEnglish | ||
| 082 | _a346.03 S83L | ||
| 100 | _aStreet, Harry | ||
| 245 | 0 | _alaw of torts | |
| 250 | _a6th ed. | ||
| 260 |
_aLondon _bButterworths _c1976 |
||
| 300 | _aliii, 528 p. | ||
| 942 | _cBK | ||
| 999 |
_c187559 _d187559 |
||